000 00436nam a22001697a 4500
999 _c1893
_d1892
005 20210925143838.0
008 160526b xxu||||| |||| 00| 0 eng d
020 _a978-0-07-024907-3
041 _aeng
082 _b5357
100 _aChandra, Prasanna
_91156
245 _aInvestment Analysis and Portfolio Management
260 _aNew Delhi
_bAcademic Faundation
_c2009
300 _a726
650 _aManagement
_9241
942 _cBK